South Eastern Kenya University

Library Online Public Access Catalogue


Calculus concepts : (Record no. 9898)

MARC details
000 -LEADER
fixed length control field 00613nam a22001817a 4500
020 ## - INTERNATIONAL STANDARD BOOK NUMBER
International Standard Book Number 0618401288 (student text)
050 ## - LIBRARY OF CONGRESS CALL NUMBER
Classification number QA303
Item number .C173 2005
100 ## - MAIN ENTRY--PERSONAL NAME
Personal name Donald R. LaTorre ... [et al.].
245 ## - TITLE STATEMENT
Title Calculus concepts :
Remainder of title an informal approach to the mathematics of change
Statement of responsibility, etc. Donald R LaTorre; John W Kenelly; Iris B Fetta; Cynthia R Harris; Laurel L Carpenter; et al
250 ## - EDITION STATEMENT
Edition statement Brief third edition
260 ## - PUBLICATION, DISTRIBUTION, ETC. (IMPRINT)
Place of publication, distribution, etc. Boston
Name of publisher, distributor, etc. Houghton Mifflin
Date of publication, distribution, etc. c2005
300 ## - PHYSICAL DESCRIPTION
Field link and sequence number xxi, 513p.
650 ## - SUBJECT ADDED ENTRY--TOPICAL TERM
Topical term following geographic name as entry element Calculus.
700 ## - ADDED ENTRY--PERSONAL NAME
Personal name John W Kenelly
700 ## - ADDED ENTRY--PERSONAL NAME
Personal name Iris B Fetta
700 ## - ADDED ENTRY--PERSONAL NAME
Personal name Cynthia R Harris
942 ## - ADDED ENTRY ELEMENTS (KOHA)
Source of classification or shelving scheme Library of Congress Classification
Koha item type General circulation
Holdings
Withdrawn status Lost status Source of classification or shelving scheme Damaged status Not for loan Home library Current library Shelving location Date acquired Total Checkouts Full call number Barcode Date last seen Price effective from Koha item type
    Library of Congress Classification     Kitui Town Campus Library Kitui Town Campus Library General Stacks 21/01/2016   QA303 .C173 2005 2016/010748 21/01/2016 21/01/2016 General circulation
Kitui, Kenya.
+254736116989
library@seku.ac.ke